Social psychology : (Record no. 5308)
[ view plain ]
| 000 -LEADER | |
|---|---|
| fixed length control field | 01131cam a22001934a 4500 |
| 020 ## - INTERNATIONAL STANDARD BOOK NUMBER | |
| ISBN | 0130809837 |
| 022 ## - INTERNATIONAL STANDARD SERIAL NUMBER | |
| ISSN | 9780130809834 |
| 050 00 - CALL NUMBER | |
| Classification number | HM1033 |
| Item number | .V66 |
| 100 1# - AUTHOR | |
| Personal name | Von der Haar, Christine M. |
| 245 10 - TITLE | |
| Title | Social psychology : |
| Remainder of title | a sociological perspective / |
| Statement of responsibility, etc | Christine M. Von Der Haar. |
| 250 ## - EDITION | |
| Edition statement | 1st ed. |
| 260 ## - PUBLICATION INFORMATION | |
| Place of publication | Upper Saddle River, N.J. : |
| Name of publisher | Pearson Prentice Hall, |
| Year of publication | 2005. |
| 300 ## - DESCRIPTION | |
| Number of Pages | xx, 491 p. : |
| Other physical details | ill. ; |
| Dimensions | 24 cm. |
| 500 ## - NOTES | |
| General note | Includes bibliographical references and index |
| 505 ## - FORMATTED CONTENTS NOTE | |
| Table of Content | Ch. 1. The scientific foundations of psychology --<br/>Ch. 2. Primary socialization --<br/>Ch. 3. Socialization and the life course --<br/>Ch. 4. The self --<br/>Ch. 5. Person perception --<br/>Ch. 6. Attitudes and attitude change --<br/>Ch. 7. The ABCs of interpersonal relationships --<br/>Ch. 8. Dimensions of love and marital relationships --<br/>Ch. 9. Altruism and moral development --<br/>Ch. 10. Aggression --<br/>Ch. 11. Prejudice --<br/>Ch. 12. Conformity, compliance, and obedience --<br/>Ch. 13. Groups and organizations --<br/>Ch. 14. Collective behavior and social movements. |
| 650 #0 - SUBJECTS | |
| Topical Term | Social psychology. |
| 650 #0 - SUBJECTS | |
| Topical Term | Sociology. |
| 942 ## - ADDED ENTRY ELEMENTS (KOHA) | |
| Koha item type | Books |
| Withdrawn status | Lost status | Collection code | Home library | Current library | Shelving location | Date acquired | Full call number | Accession Number | Koha item type |
|---|---|---|---|---|---|---|---|---|---|
| Reference | Methodist University Library Main | Methodist University Library Main | General Stacks | 20/01/2009 | HM1033 .V66 | 23697 | Books | ||
| Reference | Methodist University Library Main | Methodist University Library Main | General Stacks | 20/01/2009 | HM1033 .V66 | 23696 | Books | ||
| Reference | Methodist University Library Main | Methodist University Library Main | General Stacks | 20/01/2009 | HM1033 .V66 | 23693 | Books | ||
| Reference | Methodist University Library Main | Methodist University Library Main | General Stacks | 20/01/2009 | HM1033 .V66 | 23694 | Books |